00475nam a2200169Ia 4500008004100000040001900041041001200060082002000072100002000092245007600112260003100188300001900219504001900238650001500257651001400272850001900286131103s9999 xx 000 0 und d aLoreto College aEnglish aC922/JOHbLCLIB aBolton, Glorney aLiving peterb A biographical study of pope John xxiii cGlorney Bolton aLondonbGeroge allenc1961 a208p. c 22cm. aIncludes index aJohn xxiii aBiography aLCLIB/C922/JOH